000 01198nam a2200277Ia 4500
001 Z_125
008 220601s9999 xx 000 0 und d
020 _a968-24-1141-6
082 _a636.39 C33
245 _aCabras / Johan H. Koeslag; colaborador A. Fernán Castellanos E.; revisión F. Orozco Luna
260 _aMéxico : Trillas
300 _a108 p.
440 _aManuales para educación agropecuaria: Producción animal; 4
_9137330
500 _ala biblioteca cuenta con la 5a reimpresión de1985, y la 7a. reimpresión de1988Basado en el trabajo de Johan H. Koeslag. Este manaual ha sido elaborado dentro de un proyecto de cooperación técnica internacional de la DGETA, SEP, FAO Y PNUD.
503 _aej.1: ?, ej.2: C/E, ej.3: C/E, FALTAN 2 EJEMPLARES
650 _a1. Cabras
650 _aGanado cabrío - Alimentación
650 _aGanado cabrío - Producción
650 _aGanado cabrío - razas
700 _aI. Koeslag, Johan H. \ II. Castellanos E., A. Fernán, colab. \ III. Orozco Luna, F., rev.Ì
_9176673
901 _a636.39 C33
902 _aM
905 _a000000c1982 mx an 0000000000spa00
942 _c1
999 _c216830
_d216830